000 01011nam a2200265 i 4500
001 175399
003 ES-MaACL
005 20251218174604.0
007 t|
008 101026s1973 sp o r ||||1| spa d
020 _a84-369-0263-7
080 _a75 Cardona Torrandell, Armando
080 _a929 Cardona Torrandell, Armando
100 1 _aRodríguez Aguilera, Cesáreo.
_998320
245 1 0 _aCardona Torrandell /
_cCesáreo Rodríguez Aguilera.
260 _a[Madrid :
_bServicio de Publicaciones del Ministerio de Educación y Ciencia, Secretaría General Técnica,
_c1973]
300 _a96 p. :
_bfot. col. y n. ;
_c17 cm.
490 1 _aArtistas españoles contemporáneos. Pintores ;
_v59
504 _aBibliografía: p. 91-96.
600 0 4 _aCardona Torradell, Armando.
_935191
710 1 _aEspaña.
_bMinisterio de Educación y Ciencia.
_93864
830 0 _aArtistas españoles contemporáneos. Pintores
_v59
_9189664
852 _aES-MaACL
_j2261-F-59
_xOlim P-1916
999 _c175399
_d175399